The state of play (Record no. 83993)
[ view plain ]
| 000 -LEADER | |
|---|---|
| fixed length control field | 00736cab a22001935a 4500 |
| 001 - CONTROL NUMBER | |
| control field | L156400 |
| 008 - FIXED-LENGTH DATA ELEMENTS--GENERAL INFORMATION | |
| fixed length control field | 120517e20120425xxk f 000 0 eng d |
| 035 ## - SYSTEM CONTROL NUMBER | |
| System control number | (Sirsi) u156400 |
| 041 0# - LANGUAGE CODE | |
| Language code of text/sound track or separate title | eng |
| 100 1# - MAIN ENTRY--PERSONAL NAME | |
| Personal name | Wright, Emily |
| 245 04 - TITLE STATEMENT | |
| Title | The state of play |
| 260 ## - PUBLICATION, DISTRIBUTION, ETC. | |
| Date of publication, distribution, etc. | 2012 |
| 490 #0 - SERIES STATEMENT | |
| Series statement | Building |
| Volume/sequential designation | 277(8727) 11 May 2012, 30-35(6) |
| 520 ## - SUMMARY, ETC. | |
| Summary, etc. | Examines the health of the construction industry sector by sector; overview; crisis points; major contractors; SMEs; opportunities in infrastructure, health, education and commercial; clients' requirements, views from 3 company CEOs; economic overview of the double-dip recession. |
| 590 ## - LOCAL NOTE (RLIN) | |
| Local note | KA |
| 651 #4 - SUBJECT ADDED ENTRY--GEOGRAPHIC NAME | |
| Geographic name | United Kingdom |
| Chronological subdivision | |
| 690 ## - LOCAL SUBJECT ADDED ENTRY--TOPICAL TERM (OCLC, RLIN) | |
| Topical term or geographic name as entry element | Construction management |
| 9 (RLIN) | 6230 |
| 942 ## - ADDED ENTRY ELEMENTS (KOHA) | |
| Suppress in OPAC | 0 |
| Withdrawn status | Lost status | Source of classification or shelving scheme | Damaged status | Not for loan | Home library | Current library | Shelving location | Date acquired | Total Checkouts | Full call number | Barcode | Date last seen | Copy number | Price effective from | Koha item type |
|---|---|---|---|---|---|---|---|---|---|---|---|---|---|---|---|
| Dewey Decimal Classification | London | London | Journal article | 17/05/2012 | L156400 | 156400-1001 | 06/08/2019 | 1 | 06/08/2019 | Journal article |